000 00326nam a2200109Ia 4500
008 180116s9999 xx 000 0 und d
020 _a9781461450665
100 _aLanca, Luis
245 _cLuis Lanca, Augusto Silva
_aDigital Imaging Systems for Plain Radiography /
260 _aNew York
_bSpringer
_c2013
300 _a161 pages
999 _c353226
_d353226